| 000 | 00000nas 2200000zi 4500 |
| 001 | 9.814919 |
| 003 | CaOODSP |
| 005 | 20231129100506 |
| 006 | m o d f |
| 007 | cr ||||||||||| |
| 008 | 160411d20162018oncar p o f0 a0eng|d |
| 022 | |a2371-2848 |
| 040 | |aCaOODSP|beng|erda|cCaOODSP |
| 043 | |an-cn--- |
| 086 | 1 |aIu1-19/2E-PDF |
| 110 | 1 |aCanada. |bInnovation, Science and Economic Development Canada, |eauthor, |eissuing body. |
| 222 | 0|aAnnual report on the administration of the Privacy Act |b(Canada. Innovation, Science and Economic Development Canada) |
| 245 | 10|aAnnual report on the administration of the Privacy Act. |
| 264 | 1|aOttawa, ON : |bInnovation, Science and Economic Development Canada = Innovation, sciences et développement économique Canada, |c[2016-2018] |
| 310 | |aAnnual |
| 336 | |atext|btxt|2rdacontent |
| 337 | |acomputer|bc|2rdamedia |
| 338 | |aonline resource|bcr|2rdacarrier |
| 362 | 1 |aBegan with 2015/2016; ceased with 2017/2018. |
| 500 | |aIssued also in French under title: Rapport annuel concernant la Loi sur la protection des renseignements personnels. |
| 588 | |aDescription based on: 2015/2016. |
| 588 | |aLatest issue consulted: 2017/2018. |
| 610 | 10|aCanada. |bInnovation, Science and Economic Development Canada|vPeriodicals. |
| 610 | 10|aCanada. |tPrivacy Act|vPeriodicals. |
| 650 | 0|aPrivacy, Right of|zCanada|vPeriodicals. |
| 655 | 7|aPeriodicals|2lcgft |
| 775 | 08|tRapport annuel concernant la Loi sur la protection des renseignements personnels.|w(CaOODSP)9.814921 |
| 780 | 00|tAnnual report on the Privacy Act |w(CaOODSP)9.506474 |
| 785 | 00|tAnnual report on the Privacy Act.|w(CaOODSP)9.904047 |